Auctioneers selling real estate 7th edition (incorporating Common Auction Conditions 4th edition) (Record no. 116165)

MARC details
000 -LEADER
fixed length control field 01841cam a22003135a 4500
001 - CONTROL NUMBER
control field L159941
008 - FIXED-LENGTH DATA ELEMENTS--GENERAL INFORMATION
fixed length control field 090922s2018 xxk f 000 0 eng u
020 ## - INTERNATIONAL STANDARD BOOK NUMBER
International Standard Book Number 9781783211098
035 ## - SYSTEM CONTROL NUMBER
System control number (Sirsi) u159941
041 0# - LANGUAGE CODE
Language code of text/sound track or separate title eng
050 04 - LIBRARY OF CONGRESS CALL NUMBER
Classification number 380.1 $2 18
110 2# - MAIN ENTRY--CORPORATE NAME
Corporate name or jurisdiction name as entry element Royal Institution of Chartered Surveyors
9 (RLIN) 4900
245 00 - TITLE STATEMENT
Title Auctioneers selling real estate 7th edition (incorporating Common Auction Conditions 4th edition)
Medium [electronic resource]
250 ## - EDITION STATEMENT
Edition statement 7th ed.
260 ## - PUBLICATION, DISTRIBUTION, ETC.
Place of publication, distribution, etc. London
Name of publisher, distributor, etc. RICS
Date of publication, distribution, etc. 2018
300 ## - PHYSICAL DESCRIPTION
Extent 64p.
490 #0 - SERIES STATEMENT
Series statement RICS Guidance Note
490 #0 - SERIES STATEMENT
Series statement RIS Professional Standard
490 #0 - SERIES STATEMENT
Series statement RICS Professional Statement
520 ## - SUMMARY, ETC.
Summary, etc. Now a professional statement not a guidance note, 7th edition incorporates Common Auction Conditions 4th edition at the end of the professional statement and revises guidance on guide prices following recent decisions from the Advertising Standards Authority. Effective from 1st April 2018.
520 ## - SUMMARY, ETC.
Summary, etc. Supersedes sixth edition L158304 (ISBN 9781783210060).
520 ## - SUMMARY, ETC.
Summary, etc. This document was originally published in March 2018 as an RICS professional statement and reissued in October 2023 as an RICS professional standard
650 24 - SUBJECT ADDED ENTRY--TOPICAL TERM
Topical term or geographic name entry element Real Estate Agency Code
651 #4 - SUBJECT ADDED ENTRY--GEOGRAPHIC NAME
Geographic name England and Wales
Chronological subdivision 1543-
690 ## - LOCAL SUBJECT ADDED ENTRY--TOPICAL TERM (OCLC, RLIN)
Topical term or geographic name as entry element Auctioneering
9 (RLIN) 6218
856 40 - ELECTRONIC LOCATION AND ACCESS
Uniform Resource Identifier <a href="https://www.rics.org/profession-standards/rics-standards-and-guidance/sector-standards/real-estate-standards/auctioneers-selling-real-estate-incorporating-common-auction-conditions">https://www.rics.org/profession-standards/rics-standards-and-guidance/sector-standards/real-estate-standards/auctioneers-selling-real-estate-incorporating-common-auction-conditions</a>
Public note For original 2018 edition with 4th edition of CAC please contact [email protected]
856 40 - ELECTRONIC LOCATION AND ACCESS
Uniform Resource Identifier <a href="https://www.rics.org/profession-standards/rics-standards-and-guidance/sector-standards/real-estate-standards/auctioneers-selling-real-estate-incorporating-common-auction-conditions">https://www.rics.org/profession-standards/rics-standards-and-guidance/sector-standards/real-estate-standards/auctioneers-selling-real-estate-incorporating-common-auction-conditions</a>
Public note 2024 version with 5th edition of CAC
942 ## - ADDED ENTRY ELEMENTS (KOHA)
Suppress in OPAC 0
Source of classification or shelving scheme Dewey Decimal Classification
Holdings
Withdrawn status Lost status Source of classification or shelving scheme Damaged status Not for loan Home library Current library Shelving location Date acquired Total Checkouts Full call number Barcode Date last seen Copy number Price effective from Koha item type
    Dewey Decimal Classification     Virtual Virtual Online 10/04/2018   ONLINE PUBLICATION 159941-2001 26/10/2023 1 06/08/2019 Book